| 000 | 00613 a2200157 4500 | ||
|---|---|---|---|
| 020 | _a0814403158 | ||
| 040 |
_aDLC _bDLC |
||
| 082 | 0 | 0 | _a658.4/063 |
| 100 | 1 | _aMartin, James, | |
| 245 | 1 | 4 |
_aThe great transition: using the seven disciplines of enterprise engineering to align people, technology and strategy _busing the seven disciplines of enterprise engineering to align people, technology and strategy _cJames Martin. |
| 260 |
_aNew York : _bAMACOM, _cc1995. |
||
| 300 |
_axiv, 503 p. : _bill. ; _c26 cm. |
||
| 650 | 0 | _aReengineering (Management) | |
| 650 | 0 | _aStrategic planning. | |
| 942 |
_cBK _k658.4063 MAR _2ddc |
||
| 999 |
_c8624 _d8624 |
||